000 nam a22 a 4500
999 _c4447
_d4447
005 20170530101344.0
008 170530b2012 my ||||| |||| 00| 0 may d
040 _aAKMAL
082 _a352.44595 SHA
090 _a352.44595
_bSHA
100 _aShalihen bin Mohd Salleh
_98622
245 _aFaktor Penentu Niat Kepatuhan Cukai Jualan Tempatan /
_cShalihen bin Mohd Salleh
260 _aMalaysia
_c2012
300 _a295 ms.
_ccm
942 _2ddc
_cBOOK